| 000 | 02203nam a2200445 a 4500 | ||
|---|---|---|---|
| 999 |
_c129165 _d129165 |
||
| 001 | 1676705 | ||
| 003 | ARRUPE | ||
| 005 | 20190307114659.0 | ||
| 008 | 980402s1997 dcua b i000 0 eng d | ||
| 010 | _a 98134524 | ||
| 020 | _a1557756937 | ||
| 035 | _a(MH)MHBLM37570HU | ||
| 035 | _a(OCoLC)38518890 | ||
| 035 | _a(CStRLIN)MAHGBLM37570-B | ||
| 040 |
_aDBI _cDBI _dMH _dCStRLIN _dDLC |
||
| 042 | _alccopycat | ||
| 043 | _ad------ | ||
| 050 | 0 | 0 |
_aHC59.7 _b.E83 1997 |
| 245 | 0 | 4 |
_aThe ESAF at ten years : _beconomic adjustment and reform in low-income countries / _cstaff of the International Monetary Fund. |
| 246 | 3 | _aEnhanced Structural Adjustment Facility at ten years. | |
| 246 | 3 | _aStructural Adjustment Facility at ten years. | |
| 246 | 3 | 0 | _aEconomic adjustment and reform in low-income countries. |
| 260 |
_aWashington, DC : _bInternational Monetary Fund, _c1997. |
||
| 300 |
_avii, 50 p. : _bill. (col.) ; _c28 cm. |
||
| 490 | 1 |
_aOccasional paper, _x0251-6365 ; _v156 |
|
| 500 | _a"December 1997." | ||
| 500 | _a"This paper is a summary of the latest periodic review of experience under SAF-ESAF-supported programs...The report draws on a number of background studies, which will also be published shortly. The review was directed by Susan Schadler, senior adviser in the Policy Development and Review Department, under the general guidance of the Department's director, Jack Boorman. The principal author of the summary report was Hugh Bredenkamp, Chief of the Policy Review Division"--P. vii. | ||
| 504 | _aIncludes bibliographical references (p.48). | ||
| 610 | 2 | 0 |
_aInternational Monetary Fund. _926656 |
| 650 | 0 |
_aStructural adjustment (Economic policy) _zDeveloping countries. _941653 |
|
| 650 | 0 |
_aEconomic assistance _zDeveloping countries. _9202 |
|
| 700 | 1 |
_aSchadler, Susan. _941236 |
|
| 700 | 1 |
_aBredenkamp, Hugh. _945109 |
|
| 710 | 2 |
_aInternational Monetary Fund. _926656 |
|
| 830 | 0 |
_aOccasional paper (International Monetary Fund) ; _vno. 156. _945110 |
|
| 906 |
_a7 _bcbc _ccopycat _d2 _encip _f19 _gy-gencatlg |
||
| 942 |
_2lcc _cMONOGRAPH |
||